[Event "Leiden op-B 12th"]
[Site "Leiden"]
[Date "2018.07.22"]
[Round "9"]
[White "Liebert, Erwin"]
[Black "Van den Berg, Dick"]
[Result "1-0"]
[WhiteElo "1918"]
[BlackElo "1846"]
[PlyCount "45"]
[EventDate "2018.07.13"]
[EventType "swiss"]
[EventRounds "9"]
[EventCountry "NED"]
[SourceTitle "EXT 2019"]
[Source "ChessBase"]
[SourceDate "2018.10.10"]
[SourceVersion "1"]
[SourceVersionDate "2018.10.10"]
[SourceQuality "1"]

1. e4 e6 2. d4 d5 3. Bd3 dxe4 4. Bxe4 Nf6 5. Bf3 c5 6. Ne2 Nc6 7. Be3 cxd4 8. Nxd4 Ne5 9. Nc3 Bb4 10. Ndb5 Bd7 11. 0-0 Bxc3 12. Nd6+ Kf8 13. Bc5 Qc7 14. Ba3 Nxf3+ 15. Qxf3 Qc6 16. Qxc3 Qxc3 17. bxc3 g6 18. c4 e5 19. Rfe1 Bc6 20. Rxe5 Kg7 21. Re7 Rhf8 22. Bb2 Rad8 23. Ba3 1-0

[Event "Leiden op-B 12th"]
[Site "Leiden"]
[Date "2018.07.21"]
[Round "8"]
[White "Albertus, Bram"]
[Black "Van den Berg, Dick"]
[Result "1/2-1/2"]
[WhiteElo "1767"]
[BlackElo "1846"]
[PlyCount "130"]
[EventDate "2018.07.13"]
[EventType "swiss"]
[EventRounds "9"]
[EventCountry "NED"]
[SourceTitle "EXT 2019"]
[Source "ChessBase"]
[SourceDate "2018.10.10"]
[SourceVersion "1"]
[SourceVersionDate "2018.10.10"]
[SourceQuality "1"]

1. c4 e6 2. Nc3 d5 3. cxd5 exd5 4. d4 c6 5. Bf4 Bd6 6. Bxd6 Qxd6 7. e3 Bf5 8. Bd3 Ne7 9. Nf3 0-0 10. 0-0 Nd7 11. Bxf5 Nxf5 12. Qd3 Ne7 13. Rab1 Qg6 14. Qxg6 Nxg6 15. b4 a6 16. Rfc1 b5 17. Rc2 Nb6 18. Nd2 Ne7 19. Nd1 f5 20. f4 Nc4 21. Nxc4 dxc4 22. Nc3 Nd5 23. Nxd5 cxd5 24. Rc3 Rae8 25. Kf2 g5 26. g3 gxf4 27. gxf4 Rf6 28. Rg1+ Kf7 29. Ra3 Rh6 30. Rg2 Rc8 31. Ke2 c3 32. Kd1 Rc4 33. Rb3 Rh3 34. Re2 c2+ 35. Kc1 Rf3 36. Rxc2 Rf1+ 37. Kb2 Rxc2+ 38. Kxc2 Rf2+ 39. Kb1 Rxh2 40. Rc3 Re2 41. Rc7+ Kg6 42. Rc6+ Kh5 43. Rxa6 Rxe3 44. Rd6 Kg4 45. Rxd5 Kxf4 46. Rxb5 Re8 47. Rb6 Ke4 48. Rh6 Re7 49. b5 Kxd4 50. b6 Kc3 51. Rc6+ Kb4 52. Rc7 Re8 53. b7 Rb8 54. Rxh7 Kb5 55. Rf7 Ka6 56. Rxf5 Rxb7+ 57. Kc2 Rb5 58. Rf8 Rb7 59. a4 Ka7 60. Kc3 Rb8 61. Rf5 Ka6 62. Kc4 Rc8+ 63. Kb4 Rb8+ 64. Rb5 Rh8 65. Rg5 Rb8+ 1/2-1/2

[Event "Leiden op-B 12th"]
[Site "Leiden"]
[Date "2018.07.19"]
[Round "6"]
[White "Lammers, Anton"]
[Black "Van den Berg, Dick"]
[Result "0-1"]
[WhiteElo "1756"]
[BlackElo "1846"]
[PlyCount "68"]
[EventDate "2018.07.13"]
[EventType "swiss"]
[EventRounds "9"]
[EventCountry "NED"]
[SourceTitle "EXT 2019"]
[Source "ChessBase"]
[SourceDate "2018.10.10"]
[SourceVersion "1"]
[SourceVersionDate "2018.10.10"]
[SourceQuality "1"]

1. e4 e6 2. Nf3 d5 3. e5 c5 4. b4 cxb4 5. a3 d4 6. axb4 Bxb4 7. c3 dxc3 8. Qa4+ Nc6 9. Bb5 cxd2+ 10. Nbxd2 a5 11. 0-0 Nge7 12. Ne4 0-0 13. Bg5 Qd5 14. Rad1 Qxe4 15. Bxe7 Nxe7 16. Rd4 Qg6 17. Rxb4 axb4 18. Qxa8 Bd7 19. Qxb7 Bxb5 20. Qxb5 Nd5 21. Qc4 h5 22. Nd2 Qg4 23. Ne4 Nf4 24. g3 Ne2+ 25. Kg2 Nf4+ 26. Kg1 Nh3+ 27. Kg2 Ng5 28. f3 Qh3+ 29. Kg1 Nxe4 30. fxe4 h4 31. gxh4 Qc3 32. Qb5 Qe3+ 33. Kg2 Qxe4+ 34. Kg3 Ra8 0-1

[Event "Leiden op-B 12th"]
[Site "Leiden"]
[Date "2018.07.15"]
[Round "3"]
[White "Van den Berg, Dick"]
[Black "Cchung, Chi Yun"]
[Result "0-1"]
[WhiteElo "1846"]
[BlackElo "1791"]
[PlyCount "130"]
[EventDate "2018.07.13"]
[EventType "swiss"]
[EventRounds "9"]
[EventCountry "NED"]
[SourceTitle "EXT 2019"]
[Source "ChessBase"]
[SourceDate "2018.10.10"]
[SourceVersion "1"]
[SourceVersionDate "2018.10.10"]
[SourceQuality "1"]

1. d4 Nf6 2. c4 g6 3. Nc3 Bg7 4. e4 d6 5. f3 0-0 6. Be3 e5 7. Nge2 c6 8. Qd2 a6 9. Rd1 Qa5 10. c5 exd4 11. Nxd4 dxc5 12. Nb3 Qc7 13. Bxc5 Re8 14. Bd6 Qd8 15. Be2 b6 16. 0-0 Be6 17. Qc2 Qc8 18. Nd4 Bd7 19. b4 Qb7 20. Qb3 a5 21. Bc4 Bc8 22. b5 c5 23. Nc6 Nxc6 24. bxc6 Qa7 25. Nb5 a4 26. Qc2 Qa5 27. Bg3 Rf8 28. Be1 Qa6 29. Nc7 Qa7 30. Nxa8 Qxa8 31. Bb5 Nh5 32. Bc3 Bh6 33. Be5 Be3+ 34. Kh1 Re8 35. Qc3 Bg5 36. f4 Bh4 37. g4 Bxg4 38. Rd2 f6 39. Bd6 Rxe4 40. Bc4+ Kg7 41. Bd5 Re1 42. Rxe1 Bxe1 43. c7 Qxd5+ 44. Rxd5 Bxc3 45. f5 Bf3+ 46. Kg1 Bxd5 47. c8Q Bd4+ 48. Kf1 gxf5 49. Qf8+ Kg6 50. Qe8+ Kg5 51. Qb8 c4 52. Ke2 f4 53. h4+ Kg4 54. Qc8+ f5 55. Qd8 f3+ 56. Kf1 Bf6 57. Be7 Ng3+ 58. Ke1 Bc3+ 59. Kd1 f2 60. Qxd5 f1Q+ 61. Kc2 Qa1 62. Qxc4+ Kh3 63. Qxc3 Qxc3+ 64. Kxc3 f4 65. Kd3 f3 0-1

[Event "Leiden LCT op-A 7th"]
[Site "Leiden"]
[Date "2013.07.16"]
[Round "5"]
[White "Van den Berg, Dick"]
[Black "Braggaar, Pim"]
[Result "1-0"]
[WhiteElo "2028"]
[BlackElo "1987"]
[PlyCount "85"]
[EventDate "2013.07.12"]
[EventType "swiss"]
[EventRounds "9"]
[EventCountry "NED"]
[SourceTitle "CBM 155 Extra"]
[Source "ChessBase"]
[SourceDate "2013.08.26"]
[SourceVersion "1"]
[SourceVersionDate "2013.08.26"]
[SourceQuality "1"]

1. d4 d5 2. c4 c6 3. Nf3 Nf6 4. Nc3 dxc4 5. a4 h6 6. e4 Bg4 7. Bxc4 e6 8. Qb3 Qb6 9. Ne5 Qxb3 10. Bxb3 Bh5 11. f3 Nfd7 12. Nd3 Be7 13. Nf4 Bg6 14. Nxg6 fxg6 15. Bxe6 Na6 16. Bf4 Nf6 17. h3 Nb4 18. 0-0 g5 19. Bh2 Nh5 20. Rad1 Nf4 21. Bc4 Rd8 22. g3 Nh5 23. Kg2 a6 24. a5 Nc2 25. Bg1 Bd6 26. e5 Bc7 27. Bd3 Nxg3 28. Kxg3 Nb4 29. Bg6+ Ke7 30. f4 Nd5 31. Nxd5+ Rxd5 32. fxg5 Rf8 33. Rxf8 Kxf8 34. Rf1+ Ke7 35. Rf7+ Kd8 36. Kg4 Rb5 37. Rxg7 hxg5 38. Kxg5 Rxb2 39. Kf6 Bxa5 40. d5 cxd5 41. e6 Bc3+ 42. Kf7 Bb4 43. Bb6+ 1-0

[Event "Leiden LCT op-A 7th"]
[Site "Leiden"]
[Date "2013.07.15"]
[Round "4"]
[White "Zeven, Frank"]
[Black "Van den Berg, Dick"]
[Result "1-0"]
[WhiteElo "1899"]
[BlackElo "2028"]
[PlyCount "119"]
[EventDate "2013.07.12"]
[EventType "swiss"]
[EventRounds "9"]
[EventCountry "NED"]
[SourceTitle "EXT 2015"]
[Source "ChessBase"]
[SourceDate "2014.11.20"]
[SourceVersion "1"]
[SourceVersionDate "2014.11.20"]
[SourceQuality "1"]

1. b4 e5 2. Bb2 Bxb4 3. Bxe5 Nf6 4. Nf3 0-0 5. g3 d5 6. Bg2 c5 7. 0-0 Nc6 8. Bb2 Bg4 9. c3 Ba5 10. d3 Re8 11. Nbd2 Qe7 12. Re1 Rad8 13. Nb3 Bc7 14. Ba3 Bd6 15. d4 c4 16. Bxd6 Rxd6 17. Nbd2 Re6 18. e3 Ne4 19. Qc1 f5 20. Rb1 Nd6 21. Nf1 Ne4 22. N3d2 g5 23. f3 Nxd2 24. Qxd2 Bh5 25. f4 Rd6 26. Rb5 Bf7 27. Reb1 b6 28. Kf2 g4 29. Qe2 Qd8 30. h3 h5 31. Qc2 Ne7 32. Qa4 Nc8 33. Qa6 Qe7 34. h4 Rd7 35. e4 fxe4 36. Ne3 Be6 37. Bf1 Qf7 38. a4 Nd6 39. R5b4 Rc7 40. a5 Bc8 41. axb6 Bxa6 42. bxc7 Rc8 43. Ra1 Bb7 44. Rxa7 Rxc7 45. Be2 Nc8 46. Ra5 Bc6 47. Rc5 Ne7 48. Rbxc4 dxc4 49. Bxc4 Bd5 50. Nxd5 Rxc5 51. Nxe7+ Kf8 52. Bxf7 Rxc3 53. Bxh5 Kxe7 54. Bxg4 Kd6 55. h5 Kd5 56. h6 Kxd4 57. h7 Rc2+ 58. Kg1 Rc1+ 59. Kh2 Rc8 60. Bxc8 1-0